Bắc Bình Vương Nguyễn Huệ : Truyện lịch sử

محفوظ في:
التفاصيل البيبلوغرافية
المؤلف الرئيسي: Tạ, Vĩnh
التنسيق: كتاب
اللغة:Undetermined
منشور في: Thành phố Hồ Chí Minh Thanh niên 2005
الموضوعات:
الوسوم: إضافة وسم
لا توجد وسوم, كن أول من يضع وسما على هذه التسجيلة!
Thư viện lưu trữ: Trung tâm Học liệu Trường Đại học Cần Thơ
LEADER 00601nam a2200205Ia 4500
001 CTU_93784
008 210402s9999 xx 000 0 und d
020 |c 43000 
082 |a 809.3081 
082 |b V312 
100 |a Tạ, Vĩnh 
245 0 |a Bắc Bình Vương Nguyễn Huệ : 
245 0 |b Truyện lịch sử 
245 0 |c Tạ Vĩnh 
260 |a Thành phố Hồ Chí Minh 
260 |b Thanh niên 
260 |c 2005 
650 |a Historical fiction, Vietnamese,Nguyễn Huệ 
904 |i Trúc 
980 |a Trung tâm Học liệu Trường Đại học Cần Thơ